Les 6 pays fondateurs de l'Union Européenne - Statistiques

Statistiques générales
  • Ce quiz a été pris 175 fois
  • Le résultat moyen est 6 sur 6
Statistiques - réponses
Hint Réponse % Correct
1 France
100%
2 Allemagne
99%
3 Italie
98%
6 Belgique
94%
4 Pays-bas
89%
5 Luxembourg
83%
Aucun quiz correspondant
Distribution des résultats
% des personnes avec chaque résultat
Percentile par nombre de réponses
Votre historique - résultats
Vous n’avez pas pris ce quiz